Stručné dějiny řecké literatury /

Main Author: Stiebitz, Ferdinand, 1894-1961
Corporate Author: Univerzita J.E. Purkyně v Brně. Filozofická fakulta
Language: Czech
Published: Praha : Státní pedagogické nakladatelství, 1987
Edition: 3. vyd.
Series: Učební texty vysokých škol (SPN)
Online Access: Digitalizovan dokument
Physical Description: 247 s., 24 s. obr. příl. : il. + 1 volná mapa
Book
Saved in:
LEADER 01812nam a2200373 a 4500
001 000023254
003 CZ BrMZK
005 20200224091030.0
007 ta
008 950707s1987 xr af f cze d
015 |a cnb000038250 
040 |a BOA001  |b cze 
080 |a 875(075.8)  |2 MRF 
100 1 |a Stiebitz, Ferdinand,  |d 1894-1961  |7 jk01121191  |4 aut 
245 1 0 |a Stručné dějiny řecké literatury /  |c Ferdinand Stiebitz 
250 |a 3. vyd. 
260 |a Praha :  |b Státní pedagogické nakladatelství,  |c 1987 
300 |a 247 s., 24 s. obr. příl. :  |b il. +  |e 1 volná mapa 
490 1 |a Učební texty vysokých škol 
504 |a Obsahuje bibliografii 
550 |a Vydavatel: Univerzita J.E. Purkyně v Brně, Filozofická fakulta 
710 2 |a Univerzita J.E. Purkyně v Brně.  |b Filozofická fakulta  |7 kn20010709347 
830 0 |a Učební texty vysokých škol (SPN)  |0 s 
856 4 1 |u http://www.digitalniknihovna.cz/mzk/uuid/uuid:78643c80-17d7-11e4-8e0d-005056827e51  |y Digitalizovan dokument 
910 |a BOA001  |b PK-0106.293  |b 2-0927.787 
920 |a 000126828 
964 |a Literatura řecká - dějiny - učebnice - školy vysoké 
990 |a BK 
996 7 |b 2619783448  |c 2-0927.787  |l MZK  |r Sklad / do 1 hodiny  |n 26  |w 000023254  |u 000050  |a 1  |e BOA001  |j MZK50  |s A 
996 7 |b 2619957153  |c 2-0927.787  |l MZK  |r Sklad / do 1 hodiny  |n 48  |w 000023254  |u 000040  |a 1  |e BOA001  |j MZK50  |s A 
996 7 |b 2619959999  |c 2-0927.787  |l MZK  |r Sklad / do 1 hodiny  |n 26  |w 000023254  |u 000060  |a 1  |e BOA001  |j MZK50  |s A 
996 6 |b 2619972844  |c 2-0927.787  |l MZK  |r Sklad / do 1 hodiny  |n 13  |w 000023254  |u 000030  |a 1  |e BOA001  |j MZK50  |s P 
996 7 |b 3119975130  |c PK-0106.293  |l MZK  |r Sklad / do 1 hodiny  |n 44  |w 000023254  |u 000020  |a 1  |e BOA001  |j MZK50  |s A 
996 7 |b 3119998853  |c PK-0106.293  |l MZK  |r Sklad / do 1 hodiny  |n 55  |w 000023254  |u 000010  |a 1  |e BOA001  |j MZK50  |s A